[Event "GER-ch Seniors 23rd"]
[Site "Halle"]
[Date "2011.08.10"]
[Round "6"]
[White "Just, Joachim"]
[Black "Didzuhn, Werner"]
[Result "1-0"]
[WhiteElo "2050"]
[BlackElo "1909"]
[PlyCount "81"]
[EventDate "2011.08.05"]
[EventType "swiss"]
[EventRounds "9"]
[EventCountry "GER"]
[SourceTitle "CBM 144 Extra"]
[Source "ChessBase"]
[SourceDate "2011.10.28"]
[SourceVersion "1"]
[SourceVersionDate "2011.10.28"]
[SourceQuality "1"]

1. g3 f5 2. f4 Nf6 3. Nf3 e6 4. Bg2 Be7 5. 0-0 0-0 6. d3 Nc6 7. Nc3 d6 8. e4 fxe4 9. dxe4 e5 10. f5 Kh8 11. h3 d5 12. exd5 Nb4 13. Nxe5 c6 14. dxc6 Qb6+ 15. Kh2 bxc6 16. a3 Nbd5 17. Nxd5 cxd5 18. c4 Bb7 19. cxd5 Rad8 20. Qe1 Bxd5 21. Bxd5 Nxd5 22. Qf2 Bc5 23. Qg2 Qc7 24. Nd3 Bd6 25. Nf4 Nxf4 26. Bxf4 a5 27. Rac1 Qb6 28. Rc6 Qb8 29. Bxd6 Rxd6 30. Rxd6 Qxd6 31. Qc2 Rd8 32. Rf2 h6 33. Qc3 Qd4 34. Qxd4 Rxd4 35. g4 Rd3 36. Rc2 Kg8 37. Rc5 a4 38. Rc4 Rd2+ 39. Kg3 Rxb2 40. Rxa4 Ra2 41. Ra7 1-0

[Event "Hessen-ch Seniors op 07th"]
[Site "Bad Sooden-Allendorf"]
[Date "2011.05.06"]
[Round "7"]
[White "Auerswald, Gottfried"]
[Black "Didzuhn, Werner"]
[Result "1/2-1/2"]
[WhiteElo "1428"]
[BlackElo "1672"]
[PlyCount "66"]
[EventDate "2011.04.30"]
[EventType "swiss"]
[EventRounds "9"]
[EventCountry "GER"]
[SourceTitle "EXT 2012"]
[Source "ChessBase"]
[SourceDate "2011.11.24"]
[SourceVersion "1"]
[SourceVersionDate "2011.11.24"]
[SourceQuality "1"]

1. e4 e5 2. Nf3 d6 3. d4 exd4 4. Nxd4 Nf6 5. Nc3 Be7 6. Bd3 Nc6 7. Bb5 Bd7 8. 0-0 0-0 9. Nxc6 bxc6 10. Bc4 Bg4 11. Be2 Bxe2 12. Qxe2 Re8 13. Qf3 Nd7 14. Qd1 Bf6 15. f3 Nc5 16. Ne2 d5 17. exd5 cxd5 18. c3 c6 19. Re1 Qd7 20. b4 Ne6 21. Bd2 d4 22. Be3 Rad8 23. cxd4 Nxd4 24. Bxd4 Rxe2 25. Qxe2 Bxd4+ 26. Kf1 Bxa1 27. Rxa1 Qd4 28. Re1 g6 29. a3 Qc3 30. Qe3 Qc4+ 31. Qe2 Qc3 32. Qe3 Rd3 33. Qxa7 Qxa3 1/2-1/2

[Event "GER-ch Seniors-B 20th"]
[Site "Erfurt"]
[Date "2008.08.11"]
[Round "7"]
[White "Didzuhn, Werner"]
[Black "Krueger, Bernhard"]
[Result "1/2-1/2"]
[WhiteElo "1693"]
[BlackElo "1494"]
[PlyCount "57"]
[EventDate "2008.08.05"]
[EventType "swiss"]
[EventRounds "9"]
[EventCountry "GER"]
[SourceTitle "CBM 126 Extra"]
[Source "ChessBase"]
[SourceDate "2008.11.05"]
[SourceVersion "1"]
[SourceVersionDate "2008.11.05"]
[SourceQuality "1"]

1. f4 d5 2. Nf3 Nf6 3. e3 g6 4. Be2 Bg7 5. 0-0 a6 6. d3 0-0 7. c3 c5 8. Nbd2 Nc6 9. e4 Ng4 10. Nb3 dxe4 11. dxe4 Qxd1 12. Rxd1 b6 13. h3 Nf6 14. e5 Ne8 15. Be3 Nc7 16. a4 Be6 17. c4 Rad8 18. a5 Rxd1+ 19. Rxd1 b5 20. Rc1 bxc4 21. Bxc4 Bxc4 22. Rxc4 Nd5 23. Bxc5 Rb8 24. Ba3 Nd8 25. Nc5 Rc8 26. Re4 Nc6 27. b4 Ncxb4 28. Bxb4 Nxb4 29. Rxb4 1/2-1/2

[Event "GER-ch Seniors-B 20th"]
[Site "Erfurt"]
[Date "2008.08.08"]
[Round "4"]
[White "Paulsen, Eckart"]
[Black "Didzuhn, Werner"]
[Result "1/2-1/2"]
[WhiteElo "1608"]
[BlackElo "1693"]
[PlyCount "42"]
[EventDate "2008.08.05"]
[EventType "swiss"]
[EventRounds "9"]
[EventCountry "GER"]
[SourceTitle "CBM 126 Extra"]
[Source "ChessBase"]
[SourceDate "2008.11.05"]
[SourceVersion "1"]
[SourceVersionDate "2008.11.05"]
[SourceQuality "1"]

1. d4 Nf6 2. c4 e5 3. e3 Bb4+ 4. Bd2 Bxd2+ 5. Qxd2 exd4 6. exd4 0-0 7. Nf3 Re8+ 8. Be2 Ne4 9. Qd1 d5 10. 0-0 Bg4 11. Nbd2 Nc6 12. cxd5 Nb4 13. Bb5 Re7 14. Qb3 Nxd5 15. Bc4 c6 16. Nxe4 Rxe4 17. Rad1 Nb6 18. Bxf7+ Kh8 19. Rfe1 Bxf3 20. Qxf3 Rxe1+ 21. Rxe1 Qxd4 1/2-1/2

[Event "Hessen-ch Seniors op 04th"]
[Site "Bad Sooden-Allendorf"]
[Date "2008.04.27"]
[Round "4"]
[White "Juergens, Peter1111"]
[Black "Didzuhn, Werner"]
[Result "1/2-1/2"]
[WhiteElo "1840"]
[BlackElo "1743"]
[PlyCount "58"]
[EventDate "2008.04.24"]
[EventType "swiss"]
[EventRounds "9"]
[EventCountry "GER"]
[SourceTitle "EXT 2022"]
[Source "ChessBase"]
[SourceDate "2021.10.06"]
[SourceVersion "1"]
[SourceVersionDate "2021.10.06"]
[SourceQuality "1"]

1. d4 d5 2. Bf4 e6 3. e3 c6 4. Nf3 Nf6 5. Bd3 Nbd7 6. 0-0 Be7 7. h3 Ne4 8. Ne5 Nxe5 9. Bxe5 Nf6 10. Nd2 Bd6 11. f4 0-0 12. c3 a6 13. Bxd6 Qxd6 14. Nf3 Ne4 15. Qc2 Ng3 16. Rf2 Bd7 17. Ne5 Be8 18. Rf3 Nf5 19. Raf1 f6 20. Ng4 Qe7 21. Nh2 Bd7 22. e4 dxe4 23. Bxe4 Rae8 24. Qf2 g6 25. Re1 Qg7 26. Bxf5 exf5 27. Rfe3 Rxe3 28. Rxe3 Qf7 29. b3 Re8 1/2-1/2

[Event "Hessen-ch Seniors op 04th"]
[Site "Bad Sooden-Allendorf"]
[Date "2008.04.25"]
[Round "2"]
[White "Kripp, Wolfgang"]
[Black "Didzuhn, Werner"]
[Result "1-0"]
[WhiteElo "2027"]
[BlackElo "1743"]
[PlyCount "45"]
[EventDate "2008.04.24"]
[EventType "swiss"]
[EventRounds "9"]
[EventCountry "GER"]
[SourceTitle "EXT 2022"]
[Source "ChessBase"]
[SourceDate "2021.10.06"]
[SourceVersion "1"]
[SourceVersionDate "2021.10.06"]
[SourceQuality "1"]

1. e4 e5 2. Nf3 d6 3. d4 exd4 4. Nxd4 Nf6 5. Nc3 Be7 6. Bd3 Nc6 7. Nxc6 bxc6 8. 0-0 0-0 9. f4 d5 10. e5 Ng4 11. Qe1 f5 12. h3 Nh6 13. Qf2 c5 14. b3 c6 15. Na4 d4 16. Bc4+ Kh8 17. Ba3 Qa5 18. Qe1 Qc7 19. Rd1 Nf7 20. Bxc5 Bxc5 21. Nxc5 Qb6 22. Na4 Qc7 23. Qb4 1-0

[Event "GER-ch Seniors 18th"]
[Site "Dresden"]
[Date "2006.07.29"]
[Round "8"]
[White "Mehlhorn, Dieter"]
[Black "Didzuhn, Werner"]
[Result "1-0"]
[WhiteElo "1853"]
[BlackElo "1982"]
[PlyCount "69"]
[EventDate "2006.07.22"]
[EventType "swiss"]
[EventRounds "9"]
[EventCountry "GER"]
[SourceTitle "CBM 113 Extra"]
[Source "ChessBase"]
[SourceDate "2006.09.14"]
[SourceVersion "1"]
[SourceVersionDate "2006.09.14"]
[SourceQuality "1"]

1. d4 Nf6 2. Nf3 g6 3. c4 Bg7 4. Nc3 0-0 5. e4 d6 6. Be2 c5 7. d5 e6 8. 0-0 Re8 9. Qc2 exd5 10. exd5 Bf5 11. Qb3 b6 12. Bg5 Nbd7 13. Rfe1 h6 14. Bf4 Nf8 15. Nb5 Ne4 16. Bd3 Qf6 17. Nc7 Rac8 18. Nxe8 Rxe8 19. Bxe4 Rxe4 20. Bg3 g5 21. Rxe4 Bxe4 22. Re1 Bf5 23. Re2 Ng6 24. Qe3 Kh7 25. h3 Bb1 26. a3 a6 27. Nh2 Nf4 28. Bxf4 gxf4 29. Qc1 Bd3 30. Rd2 Qf5 31. Nf3 b5 32. b3 bxc4 33. bxc4 Qe4 34. Rd1 Bxc4 35. Nd2 1-0

[Event "GER-ch Seniors 18th"]
[Site "Dresden"]
[Date "2006.07.28"]
[Round "7"]
[White "Didzuhn, Werner"]
[Black "Roggenbach, Ottomar"]
[Result "1-0"]
[WhiteElo "1982"]
[BlackElo "1962"]
[PlyCount "71"]
[EventDate "2006.07.22"]
[EventType "swiss"]
[EventRounds "9"]
[EventCountry "GER"]
[SourceTitle "CBM 113 Extra"]
[Source "ChessBase"]
[SourceDate "2006.09.14"]
[SourceVersion "1"]
[SourceVersionDate "2006.09.14"]
[SourceQuality "1"]

1. e4 Nc6 2. d4 d5 3. e5 Bf5 4. c3 e6 5. Bd3 Nge7 6. Ne2 Bxd3 7. Qxd3 Nf5 8. Ng3 Nxg3 9. Qxg3 g6 10. Nd2 Be7 11. Nf3 h6 12. 0-0 Kd7 13. Ne1 Qg8 14. b4 a6 15. Nd3 b6 16. f4 Bd8 17. Be3 Ne7 18. Qf3 Nf5 19. Bf2 g5 20. g4 gxf4 21. Kh1 Ne3 22. Rg1 Qh7 23. Nxf4 Nc2 24. Raf1 c6 25. Nh5 Na3 26. Be1 Rf8 27. Nf6+ Bxf6 28. Qxf6 Qg6 29. Bd2 Ke8 30. Qxg6 fxg6 31. Bxh6 Rg8 32. Rf6 Kd7 33. Rf7+ Ke8 34. Rgf1 Rc8 35. Bg5 Nb5 36. Re7+ 1-0

[Event "GER-ch Seniors Gp-B 18th"]
[Site "Dresden"]
[Date "2006.07.22"]
[Round "1"]
[White "Didzuhn, Werner"]
[Black "Erdmann, Wolfgang"]
[Result "1-0"]
[WhiteElo "1726"]
[BlackElo "1527"]
[PlyCount "83"]
[EventDate "2006.07.22"]
[EventType "swiss"]
[EventRounds "9"]
[EventCountry "GER"]
[SourceTitle "EXT 2022"]
[Source "ChessBase"]
[SourceDate "2021.10.06"]
[SourceVersion "1"]
[SourceVersionDate "2021.10.06"]
[SourceQuality "1"]

1. e4 d6 2. d4 Nf6 3. Nc3 g6 4. Be3 Bg4 5. f3 Bd7 6. Bd3 Bg7 7. Nge2 c6 8. Qd2 Qc7 9. 0-0-0 b5 10. Ng3 Qa5 11. Kb1 Be6 12. d5 cxd5 13. Bxb5+ Bd7 14. Bxd7+ Nbxd7 15. Nxd5 Qxd2 16. Rxd2 Nxd5 17. Rxd5 0-0 18. b3 Rfb8 19. Rhd1 a5 20. a4 Nb6 21. Rb5 Nd7 22. Rxb8+ Rxb8 23. Ne2 Nb6 24. Bxb6 Rxb6 25. Rd5 Ra6 26. Rb5 Ra8 27. Nf4 e6 28. Nd3 Kf8 29. Nb2 Bxb2 30. Kxb2 Ra7 31. c4 e5 32. Kc3 Ke7 33. b4 axb4+ 34. Kxb4 f6 35. a5 Kd7 36. Rb6 f5 37. a6 Kc7 38. Kb5 f4 39. Rc6+ Kb8 40. Rxd6 Re7 41. Kb6 g5 42. Rd8# 1-0

[Event "Hessen-ch Seniors op 02nd"]
[Site "Bad Sooden-Allendorf"]
[Date "2006.05.07"]
[Round "6"]
[White "Wolff, Heinz"]
[Black "Didzuhn, Werner"]
[Result "0-1"]
[WhiteElo "1438"]
[BlackElo "1714"]
[PlyCount "64"]
[EventDate "2006.04.25"]
[EventType "swiss"]
[EventRounds "9"]
[EventCountry "GER"]
[SourceTitle "EXT 2007"]
[Source "ChessBase"]
[SourceDate "2006.11.23"]
[SourceVersion "1"]
[SourceVersionDate "2006.11.23"]
[SourceQuality "1"]

1. e4 c5 2. Nf3 d6 3. d4 cxd4 4. Nxd4 Nf6 5. Nc3 g6 6. Be3 Bg7 7. f3 0-0 8. Qd2 Nc6 9. Nb3 a5 10. a4 Nb4 11. Rb1 Be6 12. Nd4 Bd7 13. Bd3 e5 14. Nde2 d5 15. exd5 Nfxd5 16. Bh6 Qh4+ 17. g3 Qxh6 18. Nxd5 Qxd2+ 19. Kxd2 Nxd5 20. c4 Nb4 21. Be4 Rad8 22. Ke1 Bc6 23. Nc3 f5 24. Bxc6 bxc6 25. Ke2 Rd4 26. b3 e4 27. Rbd1 Rfd8 28. Rxd4 Rxd4 29. Nd1 exf3+ 30. Kxf3 Rd3+ 31. Kg2 Rxb3 32. Re1 Kf7 0-1

[Event "Hessen-ch Seniors op 02nd"]
[Site "Bad Sooden-Allendorf"]
[Date "2006.05.01"]
[Round "7"]
[White "Didzuhn, Werner"]
[Black "Strozewski, Guenter"]
[Result "1-0"]
[WhiteElo "1714"]
[BlackElo "1603"]
[PlyCount "72"]
[EventDate "2006.04.25"]
[EventType "swiss"]
[EventRounds "9"]
[EventCountry "GER"]
[SourceTitle "EXT 2007"]
[Source "ChessBase"]
[SourceDate "2006.11.23"]
[SourceVersion "1"]
[SourceVersionDate "2006.11.23"]
[SourceQuality "1"]

1. e4 e5 2. Nf3 Nc6 3. Bc4 Bc5 4. 0-0 d6 5. h3 Nf6 6. d3 h6 7. c3 a6 8. Bb3 Be6 9. Bc2 Qd7 10. d4 exd4 11. cxd4 Nxd4 12. Nxd4 Bxh3 13. Nf5 0-0-0 14. gxh3 g6 15. Ng3 Qxh3 16. Qf3 Ng4 17. Qg2 Qh4 18. Nd2 h5 19. Nf3 Qe7 20. Bd2 h4 21. Ne2 Qd7 22. Nh2 Ne5 23. Bc3 Rh5 24. Bxe5 Rxe5 25. Kh1 Rg5 26. Qf3 f5 27. Rg1 fxe4 28. Bxe4 Rxg1+ 29. Rxg1 Kb8 30. Rxg6 c6 31. Qf6 d5 32. Bf5 Qc7 33. Rg7 Qa5 34. Nc3 Qb6 35. Na4 Bd4 36. Nxb6 Bxf6 1-0

[Event "Hessen-ch Seniors op 02nd"]
[Site "Bad Sooden-Allendorf"]
[Date "2006.04.28"]
[Round "4"]
[White "Packroff, Hermann"]
[Black "Didzuhn, Werner"]
[Result "1-0"]
[WhiteElo "2072"]
[BlackElo "1714"]
[PlyCount "59"]
[EventDate "2006.04.25"]
[EventType "swiss"]
[EventRounds "9"]
[EventCountry "GER"]
[SourceTitle "EXT 2007"]
[Source "ChessBase"]
[SourceDate "2006.11.23"]
[SourceVersion "1"]
[SourceVersionDate "2006.11.23"]
[SourceQuality "1"]

1. d4 Nf6 2. Nc3 c5 3. dxc5 Qa5 4. a3 Qxc5 5. e4 d6 6. Be3 Qa5 7. Qd2 Nc6 8. h3 a6 9. f4 e6 10. Nf3 Be7 11. Bd3 Nb4 12. 0-0 Nxd3 13. cxd3 Bd7 14. Qf2 Bd8 15. g4 Rc8 16. Rfc1 0-0 17. b4 Qc7 18. Nb5 Qb8 19. Ba7 Rxc1+ 20. Rxc1 Qa8 21. Nxd6 b5 22. Ne5 Be7 23. g5 Bxd6 24. gxf6 Bxe5 25. fxe5 Rc8 26. Rxc8+ Qxc8 27. Bc5 g6 28. Qe3 Kh8 29. Qh6 Qg8 30. Bf8 1-0

[Event "GER-ch Seniors-B 17th"]
[Site "Essen"]
[Date "2005.08.25"]
[Round "6"]
[White "Angermann, Immo Frank"]
[Black "Didzuhn, Werner"]
[Result "1/2-1/2"]
[WhiteElo "1676"]
[BlackElo "2016"]
[PlyCount "53"]
[EventDate "2005.08.20"]
[EventType "swiss"]
[EventRounds "9"]
[EventCountry "GER"]
[SourceTitle "CBM 108 Extra"]
[Source "ChessBase"]
[SourceDate "2005.11.04"]
[SourceVersion "1"]
[SourceVersionDate "2005.11.04"]
[SourceQuality "1"]

1. e4 c5 2. Nf3 d6 3. d4 cxd4 4. Nxd4 Nf6 5. Nc3 g6 6. Be2 Bg7 7. 0-0 0-0 8. Be3 Nc6 9. Qd2 d5 10. exd5 Nxd5 11. Nxd5 Nxd4 12. Bc4 Nf5 13. Qb4 e6 14. Nc3 Nxe3 15. fxe3 a6 16. Rad1 Qc7 17. a4 Bd7 18. Rd3 Bc6 19. Rfd1 Rad8 20. Ne2 Be4 21. Rxd8 Rxd8 22. Bd3 Bd5 23. b3 Bf8 24. Qc3 Qe7 25. Nf4 Bc6 26. Rf1 Bg7 27. Qe1 1/2-1/2

[Event "GER-ch Seniors-B 17th"]
[Site "Essen"]
[Date "2005.08.22"]
[Round "3"]
[White "Didzuhn, Werner"]
[Black "Kramer, Franz Josef"]
[Result "0-1"]
[WhiteElo "2016"]
[BlackElo "1739"]
[PlyCount "50"]
[EventDate "2005.08.20"]
[EventType "swiss"]
[EventRounds "9"]
[EventCountry "GER"]
[SourceTitle "CBM 108 Extra"]
[Source "ChessBase"]
[SourceDate "2005.11.04"]
[SourceVersion "1"]
[SourceVersionDate "2005.11.04"]
[SourceQuality "1"]

1. e4 e5 2. Nf3 Nf6 3. d3 Nc6 4. Be2 Bc5 5. 0-0 d5 6. Nbd2 0-0 7. c3 Be6 8. b4 Bd6 9. Bb2 Qd7 10. Qc2 Rac8 11. b5 Ne7 12. c4 dxc4 13. dxc4 Ng6 14. c5 Nf4 15. Bd1 Bh3 16. g3 Bxf1 17. Nxf1 Nh3+ 18. Kg2 Be7 19. c6 bxc6 20. bxc6 Qe6 21. Nxe5 Ng5 22. f3 h5 23. Ne3 Bd6 24. N3c4 Qh3+ 25. Kh1 Qf1# 0-1

[Event "GER-chA Seniors 16th"]
[Site "Templin"]
[Date "2004.09.08"]
[Round "5"]
[White "Didzuhn, Werner"]
[Black "Graffenberger, Wilhelm"]
[Result "1-0"]
[WhiteElo "1785"]
[BlackElo "1559"]
[PlyCount "81"]
[EventDate "2004.09.04"]
[EventType "swiss"]
[EventRounds "9"]
[EventCountry "GER"]
[SourceTitle "EXT 2005"]
[Source "ChessBase"]
[SourceDate "2004.11.15"]
[SourceVersion "1"]
[SourceVersionDate "2004.11.15"]
[SourceQuality "1"]

1. e4 e5 2. Nf3 Nc6 3. Bb5 a6 4. Ba4 Nf6 5. Qe2 b5 6. Bb3 Bc5 7. a4 Rb8 8. axb5 axb5 9. Nc3 b4 10. Nd1 0-0 11. d3 h6 12. 0-0 d6 13. h3 Bd7 14. Be3 Nd4 15. Nxd4 exd4 16. Bd2 Re8 17. Qf3 Bc6 18. Ba4 Bxa4 19. Rxa4 Nd7 20. b3 Ne5 21. Qg3 Qf6 22. f4 Ng6 23. Nf2 c6 24. Ng4 Qh4 25. Qf3 h5 26. Nf2 Qf6 27. g3 h4 28. g4 Ne5 29. Qg2 Nd7 30. g5 Qe7 31. Qg4 Nb6 32. Raa1 d5 33. Rae1 dxe4 34. Nxe4 Qf8 35. f5 Nd5 36. g6 Be7 37. Qh5 fxg6 38. fxg6 Qxf1+ 39. Rxf1 Bf6 40. Nxf6+ Nxf6 41. Rxf6 1-0

[Event "GER-chA Seniors 16th"]
[Site "Templin"]
[Date "2004.09.05"]
[Round "2"]
[White "Didzuhn, Werner"]
[Black "Schueler, Wolfgang"]
[Result "1/2-1/2"]
[WhiteElo "1785"]
[BlackElo "1947"]
[PlyCount "74"]
[EventDate "2004.09.04"]
[EventType "swiss"]
[EventRounds "9"]
[EventCountry "GER"]
[SourceTitle "EXT 2005"]
[Source "ChessBase"]
[SourceDate "2004.11.15"]
[SourceVersion "1"]
[SourceVersionDate "2004.11.15"]
[SourceQuality "1"]

1. e4 e5 2. Nf3 Nc6 3. Bb5 a6 4. Ba4 Nf6 5. Qe2 Bc5 6. c3 b5 7. Bc2 d6 8. h3 0-0 9. 0-0 h6 10. Rd1 Qe7 11. d3 Nh7 12. d4 Bb6 13. d5 Nd8 14. a4 bxa4 15. c4 f5 16. Nc3 f4 17. Nxa4 g5 18. Nxb6 cxb6 19. Nh2 Nf6 20. b4 h5 21. f3 g4 22. hxg4 hxg4 23. c5 g3 24. Nf1 Qh7 25. Bxf4 exf4 26. e5 Bf5 27. Bxf5 Qxf5 28. exf6 bxc5 29. bxc5 dxc5 30. Qc4 Rxf6 31. d6+ Kg7 32. Rd5 Qe6 33. Qxc5 Rc8 34. Qd4 Qe2 35. Rd1 Ne6 36. Qd2 Qxd2 37. Nxd2 Nd8 1/2-1/2

[Event "GER-chA Seniors 16th"]
[Site "Templin"]
[Date "2004.09.04"]
[Round "1"]
[White "Handel, Horst"]
[Black "Didzuhn, Werner"]
[Result "1/2-1/2"]
[WhiteElo "2019"]
[BlackElo "1785"]
[PlyCount "44"]
[EventDate "2004.09.04"]
[EventType "swiss"]
[EventRounds "9"]
[EventCountry "GER"]
[SourceTitle "EXT 2005"]
[Source "ChessBase"]
[SourceDate "2004.11.15"]
[SourceVersion "1"]
[SourceVersionDate "2004.11.15"]
[SourceQuality "1"]

1. e4 c5 2. Nc3 Nc6 3. g3 g6 4. Bg2 Bg7 5. f4 d6 6. Nf3 e6 7. 0-0 Nge7 8. d3 0-0 9. g4 f5 10. gxf5 exf5 11. Nd5 fxe4 12. dxe4 Bg4 13. h3 Bxf3 14. Rxf3 Nd4 15. Nxe7+ Qxe7 16. Rf1 Rad8 17. c3 Nc6 18. Qg4 Qd7 19. Qg3 Kh8 20. Be3 Qe7 21. Rad1 Bf6 22. Bc1 Rg8 1/2-1/2